WWF Champions - 1990s - Statistics

General Stats
  • This quiz has been taken 405 times
  • The average score is 35 of 39
Answer Stats
Dates of Reign Wrestler % Correct
Champion on January 1, 1990 Hulk Hogan
97%
March 24 - November 27, 1991 Hulk Hogan
97%
December 3-4, 1991 Hulk Hogan
97%
April 4 - June 13, 1993 Hulk Hogan
97%
November 15, 1998 - January 4, 1999 The Rock
96%
January 24-31, 1999 The Rock
96%
February 15 - March 28, 1999 The Rock
96%
November 27 - December 3, 1991 The Undertaker
96%
March 23 - August 3, 1997 The Undertaker
96%
May 23 - June 28, 1999 The Undertaker
96%
March 29 - June 28, 1998 Stone Cold Steve Austin
95%
June 29 - September 27, 1998 Stone Cold Steve Austin
95%
March 28 - May 23, 1999 Stone Cold Steve Austin
95%
June 28 - August 22, 1999 Stone Cold Steve Austin
95%
March 31, 1996 - February 13, 1997 Shawn Michaels
94%
November 9, 1997 - March 29, 1998 Shawn Michaels
94%
October 12, 1992 - April 4, 1993 Bret Hart
91%
March 20 - November 23, 1994 Bret Hart
91%
November 19, 1995 - March 31, 1996 Bret Hart
91%
February 16-17, 1997 Bret Hart
91%
August 3 - November 9, 1997 Bret Hart
91%
August 23 - September 14, 1999 Triple H
90%
September 26 - November 14, 1999 Triple H
90%
April 1, 1990 - January 19, 1991 The Ultimate Warrior
88%
April 5 - September 1, 1992 Randy Savage
87%
January 4-24, 1999 Mankind
86%
January 31 - February 15, 1999 Mankind
86%
August 22-23, 1999 Mankind
86%
June 28-29, 1998 Kane
85%
January 19 - April 5, 1992 Ric Flair
85%
September 1 - October 12, 1992 Ric Flair
85%
November 26, 1994 - November 19, 1995 Diesel
84%
April 4, 1993 Yokozuna
83%
June 13, 1993 - March 20, 1994 Yokozuna
83%
January 19 - March 24, 1991 Sgt. Slaughter
71%
September 14-20, 1999 Vince McMahon
71%
November 14, 1999 - End of Decade Big Show
70%
February 17 - March 23, 1997 Sycho Sid
69%
November 23-26, 1994 Bob Backlund
64%
No matching quizzes found
Score Distribution
Percent of People with Each Score
Percentile by Number Answered
Your Score History
You have not taken this quiz